000 00542nam a2200193Ia 4500
005 20250317131130.0
008 008 250317s9999 xx 000 0 eng d
037 _aTextbook
040 _aFMSL
_beng
_cFMSL
041 _aeng
_2eng
084 _qFMSL
100 _aKleczkowski B M
245 0 _aApproaching to planning and design of health care facilities in developing areas
260 _aW.H.O
_bW.H.O
_c1976
300 _a147p
490 _vvol.I
942 _cTB
999 _c1266811
_d1266811